000 00742nam a2200253 a 4500
001 #############
001 26083
003 CO-ViMGA
008 141112s2004 ck r 000 u spa d
020 _a9788432209772
040 _aCO-ViMGA
_bspa
_cCO-ViMGA
082 0 4 _a928.21
_bA87c
100 1 _aAuster, Paul,
_d1947 -
_98198
245 1 0 _aEl cuaderno rojo /
_cPaul Auster ; traduccion de Justo Navarro y Damian Alou
260 _aBogotá :
_bPlaneta,
_c2012
300 _a106 p. : 19 cm
490 _aBiblioteca Paul Auster
650 1 4 _aBiografias
_95575
650 1 4 _aliteratura estadounidense
_92340
650 1 4 _aRelatos
_98199
700 1 _aAlou, Damian,
_eTr.
_98200
700 1 _aNavarro, Justo,
_eTr.
_98201
942 _2ddc
_cBK
999 _c33304
_d33304